Trials of Jawaharlal Nehru (Record no. 12723)

000 -LEADER
fixed length control field 00342nam a22001337a 4500
008 - FIXED-LENGTH DATA ELEMENTS--GENERAL INFORMATION
fixed length control field 210218b ||||| |||| 00| 0 eng d
082 00 - DEWEY DECIMAL CLASSIFICATION NUMBER
Classification number 954.042
Item number R172
100 ## - MAIN ENTRY--PERSONAL NAME
9 (RLIN) 4855
Personal name Ram Gopal
245 10 - TITLE STATEMENT
Title Trials of Jawaharlal Nehru
260 ## - PUBLICATION, DISTRIBUTION, ETC. (IMPRINT)
Place of publication, distribution, etc Bombay:
Name of publisher, distributor, etc Book Centre
Date of publication, distribution, etc 1962
300 ## - PHYSICAL DESCRIPTION
Extent xix,133p.
650 #0 - SUBJECT ADDED ENTRY--TOPICAL TERM
Topical term or geographic name as entry element Biography
942 ## - ADDED ENTRY ELEMENTS (KOHA)
Item type Books
Holdings
Withdrawn status Lost status Source of classification or shelving scheme Damaged status Not for loan Permanent location Current location Date acquired Full call number Barcode Date last seen Koha item type
          IMU Kolkata IMU Kolkata 2021-02-18 954.042 R172 F01069 2021-02-18 Books
Designed and Maintained by IMU-KC Library, Kolkata Campus © Copyright All Rights Reserved

webs counters

Powered by Koha